[Event "GBR-ch 111th"]
[Site "Liverpool"]
[Date "2025.08.07"]
[Round "6.31"]
[White "Rudd, Jack"]
[Black "Yu, Rock"]
[Result "1/2-1/2"]
[WhiteElo "2259"]
[BlackElo "2107"]
[PlyCount "81"]
[EventDate "2025.08.02"]
[EventType "swiss"]
[EventRounds "9"]
[EventCountry "GBR"]
[SourceTitle "BritBase"]
[Source "John Saunders"]
[SourceDate "2025.08.11"]
[SourceVersion "1"]
[SourceVersionDate "2025.08.11"]
[SourceQuality "1"]

1. d4 Nf6 2. c4 c6 3. Nc3 d5 4. Nf3 e6 5. cxd5 exd5 6. Bg5 h6 7. Bh4 Bf5 8. e3 Be7 9. Bd3 Bxd3 10. Qxd3 O-O 11. O-O Ne4 12. Nxe4 Bxh4 13. Nxh4 Qxh4 14. Nc5 Qe7 15. Qf5 a5 16. Rfc1 Na6 17. Nd3 Rfe8 18. a3 Nc7 19. b4 Nb5 20. Nc5 Nd6 21. Qc2 axb4 22. axb4 Nb5 23. g3 g6 24. Ra2 Reb8 25. Rca1 Qd8 26. Kg2 Qc8 27. Nd3 Qe8 28. Ne5 Kg7 29. Qc5 Rxa2 30. Rxa2 f6 31. Nf3 Qe4 32. Qc2 Qxc2 33. Rxc2 Ra8 34. Ne1 Ra1 35. Nd3 Nd6 36. Nc5 Rb1 37. Nd3 Rb3 38. Rd2 Ne4 39. Rd1 Nc3 40. Ra1 Ne4 41. Rd1 1/2-1/2

[Event "GBR-ch 111th"]
[Site "Liverpool"]
[Date "2025.08.07"]
[Round "6.32"]
[White "Kueh, Audrey"]
[Black "Yoon, Jacob D"]
[Result "1/2-1/2"]
[WhiteElo "2071"]
[BlackElo "2203"]
[PlyCount "98"]
[EventDate "2025.08.02"]
[EventType "swiss"]
[EventRounds "9"]
[EventCountry "GBR"]
[SourceTitle "BritBase"]
[Source "John Saunders"]
[SourceDate "2025.08.11"]
[SourceVersion "1"]
[SourceVersionDate "2025.08.11"]
[SourceQuality "1"]

1. e4 c6 2. d4 d5 3. e5 c5 4. Nf3 cxd4 5. Qxd4 Nc6 6. Qf4 e6 7. Bd3 Nb4 8. Bd2 Nxd3+ 9. cxd3 Qb6 10. Nc3 Bd7 11. O-O h5 12. Rfe1 Nh6 13. h3 Be7 14. Rac1 Nf5 15. Ne2 Qxb2 16. Ng3 Qb6 17. Nxf5 exf5 18. Rb1 Qa6 19. Bb4 Qa4 20. Qd2 Bxb4 21. Rxb4 Qa6 22. Qg5 Kf8 23. Nd4 Re8 24. Nxf5 Bxf5 25. Qxf5 Rh6 26. Qd7 Qa5 27. Reb1 Rb6 28. Rxb6 axb6 29. Qxb7 Rxe5 30. Qxb6 Re1+ 31. Kh2 Qxb6 32. Rxb6 Re2 33. a4 Rxf2 34. Rb5 Ra2 35. a5 h4 36. Rxd5 f6 37. Rd8+ Kf7 38. Rh8 Rxa5 39. Rxh4 Ra2 40. Re4 Rd2 41. Re3 g5 42. Kg1 f5 43. Kf1 Kf6 44. Rg3 f4 45. Rf3 Ke5 46. g3 fxg3 47. Rxg3 Kf4 48. Rg4+ Kf5 49. d4 Rd3 1/2-1/2

[Event "GBR-ch 111th"]
[Site "Liverpool"]
[Date "2025.08.07"]
[Round "6.34"]
[White "Liu, Jack"]
[Black "Price, Gwilym T"]
[Result "1/2-1/2"]
[WhiteElo "2071"]
[BlackElo "2186"]
[PlyCount "71"]
[EventDate "2025.08.02"]
[EventType "swiss"]
[EventRounds "9"]
[EventCountry "GBR"]
[SourceTitle "BritBase"]
[Source "John Saunders"]
[SourceDate "2025.08.11"]
[SourceVersion "1"]
[SourceVersionDate "2025.08.11"]
[SourceQuality "1"]

1. e4 Nc6 2. Nf3 d6 3. d4 Nf6 4. c3 e6 5. Bd3 Be7 6. O-O e5 7. h3 O-O 8. Re1 exd4 9. cxd4 Nb4 10. Nc3 Nxd3 11. Qxd3 c6 12. Bf4 Re8 13. Rac1 d5 14. e5 Nd7 15. Nxd5 cxd5 16. e6 Ne5 17. Bxe5 Bxe6 18. Bc7 Qd7 19. Qb3 Bf6 20. Qxb7 Qa4 21. a3 h5 22. Qc6 Qb3 23. Qc2 Qb7 24. Be5 Be7 25. Qd2 Rac8 26. Rxc8 Rxc8 27. Rc1 Rc4 28. Nh2 f6 29. Bg3 Bd8 30. Nf1 Bb6 31. Rxc4 dxc4 32. Ne3 Qe4 33. d5 Bxe3 34. Qxe3 Qxe3 35. fxe3 Bxd5 36. Bb8 1/2-1/2

[Event "GBR-ch 111th"]
[Site "Liverpool"]
[Date "2025.08.07"]
[Round "6.35"]
[White "Jones, Steven A"]
[Black "Harborne, Matthew J"]
[Result "1-0"]
[WhiteElo "2185"]
[BlackElo "2048"]
[PlyCount "121"]
[EventDate "2025.08.02"]
[EventType "swiss"]
[EventRounds "9"]
[EventCountry "GBR"]
[SourceTitle "BritBase"]
[Source "John Saunders"]
[SourceDate "2025.08.11"]
[SourceVersion "1"]
[SourceVersionDate "2025.08.11"]
[SourceQuality "1"]

1. e4 c6 2. d4 d5 3. e5 Bf5 4. Nf3 e6 5. Be2 c5 6. Be3 Qb6 7. Nc3 Nc6 8. O-O Qxb2 9. Qe1 cxd4 10. Bxd4 Nxd4 11. Nxd4 Bb4 12. Rb1 Bxc3 13. Rxb2 Bxe1 14. Rxe1 b6 15. h4 h5 16. Nxf5 exf5 17. c4 d4 18. Rd1 Ne7 19. Rxd4 Rd8 20. Rxd8+ Kxd8 21. c5 Kc7 22. cxb6+ axb6 23. f4 Nd5 24. Rc2+ Kb8 25. g3 f6 26. Bf3 Ne3 27. Rc6 fxe5 28. Rxb6+ Kc7 29. Rc6+ Kd7 30. fxe5 Ng4 31. Rd6+ Ke7 32. Bd5 Rb8 33. Bb3 Rc8 34. Rb6 Rc1+ 35. Kg2 Re1 36. Rb7+ Ke8 37. e6 Re2+ 38. Kf1 Re4 39. Ra7 g6 40. Ba4+ Kf8 41. e7+ Rxe7 42. Rxe7 Kxe7 43. Ke2 Nf6 44. Kf3 Kd6 45. Kf4 Ne4 46. Be8 Nc3 47. a4 Ke7 48. Bb5 Kf6 49. Bc6 Ke6 50. a5 Kd6 51. Bf3 Kc5 52. a6 Kb6 53. Kg5 Kxa6 54. Kxg6 Ne4 55. Kxf5 Nxg3+ 56. Kf4 Kb6 57. Kxg3 Kc7 58. Kf4 Kd6 59. Kg5 Ke7 60. Kg6 Kf8 61. Bd5 1-0

[Event "GBR-ch 111th"]
[Site "Liverpool"]
[Date "2025.08.07"]
[Round "6.36"]
[White "Sedykh, Mikhail"]
[Black "Deepak Ambattu, Rithvik"]
[Result "1-0"]
[WhiteElo "2159"]
[BlackElo "1990"]
[PlyCount "139"]
[EventDate "2025.08.02"]
[EventType "swiss"]
[EventRounds "9"]
[EventCountry "GBR"]
[SourceTitle "BritBase"]
[Source "John Saunders"]
[SourceDate "2025.08.11"]
[SourceVersion "1"]
[SourceVersionDate "2025.08.11"]
[SourceQuality "1"]

1. d4 d5 2. c4 e6 3. Nc3 Nf6 4. cxd5 exd5 5. Bg5 c6 6. e3 h6 7. Bh4 Be7 8. Qc2 O-O 9. Bd3 Re8 10. Nge2 Nh5 11. Bxe7 Qxe7 12. O-O Nd7 13. Rae1 Nb6 14. Nc1 Nf6 15. Nb3 Qd6 16. f3 Be6 17. Nc5 Rab8 18. Kh1 Nbd7 19. Nb3 b6 20. Qf2 c5 21. Bc2 a6 22. a3 b5 23. e4 cxd4 24. Qxd4 b4 25. Na4 Qc6 26. Nbc5 Nxc5 27. Nxc5 bxa3 28. Ba4 Qb6 29. Bxe8 axb2 30. Rb1 Nxe8 31. Nxe6 fxe6 32. Qxb6 Rxb6 33. exd5 exd5 34. Rf2 Nd6 35. Rfxb2 Nb5 36. Rd2 Rd6 37. Kg1 Kf7 38. Kf2 d4 39. Ra1 Nc3 40. Ra5 Kf6 41. Rd3 Ke6 42. h4 g6 43. g4 Kf6 44. f4 Nb5 45. Rd2 h5 46. gxh5 gxh5 47. Kf3 Re6 48. Rd3 Rd6 49. Ra1 Kf5 50. Rg1 Rg6 51. Rxg6 Kxg6 52. Ke4 Kf6 53. Rd2 Nd6+ 54. Kf3 Nf5 55. Ra2 Nxh4+ 56. Ke4 Ng6 57. Rxa6+ Kf7 58. Kf5 Nh4+ 59. Kg5 Ng2 60. Rd6 Ne1 61. Kxh5 d3 62. Kg4 Ke7 63. Rd4 Kf6 64. Kg3 Kf5 65. Rd5+ Kf6 66. Kf2 Nc2 67. Rxd3 Kf5 68. Kg3 Ke4 69. Rc3 Ne3 70. Rxe3+ 1-0

[Event "GBR-ch 111th"]
[Site "Liverpool"]
[Date "2025.08.07"]
[Round "6.37"]
[White "Dicen, Elis Denele"]
[Black "Shafi, Declan"]
[Result "1-0"]
[WhiteElo "2069"]
[BlackElo "2183"]
[PlyCount "61"]
[EventDate "2025.08.02"]
[EventType "swiss"]
[EventRounds "9"]
[EventCountry "GBR"]
[SourceTitle "BritBase"]
[Source "John Saunders"]
[SourceDate "2025.08.11"]
[SourceVersion "1"]
[SourceVersionDate "2025.08.11"]
[SourceQuality "1"]

1. d4 Nf6 2. c4 g6 3. Nc3 d5 4. cxd5 Nxd5 5. Na4 Bg7 6. e4 Nb6 7. Be3 O-O 8. Nf3 Nxa4 9. Qxa4 c5 10. Rd1 Qd7 11. Qb3 Qg4 12. dxc5 Qxe4 13. Bd3 Qg4 14. O-O Nc6 15. a3 e5 16. Qc2 Re8 17. h3 Qh5 18. Be2 Qf5 19. Qc1 Nd4 20. Nxd4 exd4 21. Bg4 Qe4 22. Bf3 Qh4 23. Bg5 Bh6 24. Bxh4 Bxc1 25. Rxc1 d3 26. c6 d2 27. Rcd1 bxc6 28. Bxc6 Ba6 29. Bxa8 Bxf1 30. Kxf1 Rxa8 31. Rxd2 1-0

[Event "GBR-ch 111th"]
[Site "Liverpool"]
[Date "2025.08.07"]
[Round "6.38"]
[White "Honey, Luke"]
[Black "Dishman, Stephen"]
[Result "1/2-1/2"]
[WhiteElo "2082"]
[BlackElo "2254"]
[PlyCount "44"]
[EventDate "2025.08.02"]
[EventType "swiss"]
[EventRounds "9"]
[EventCountry "GBR"]
[SourceTitle "BritBase"]
[Source "John Saunders"]
[SourceDate "2025.08.11"]
[SourceVersion "1"]
[SourceVersionDate "2025.08.11"]
[SourceQuality "1"]

1. e4 c5 2. Nf3 Nc6 3. Bb5 e5 4. c3 a6 5. Ba4 b5 6. Bc2 Nf6 7. O-O d5 8. exd5 Qxd5 9. d3 Be7 10. Re1 Bg4 11. Nbd2 O-O 12. h3 Bh5 13. Qe2 Rfe8 14. Ne4 Nxe4 15. dxe4 Qe6 16. Be3 c4 17. Red1 Red8 18. Rxd8+ Rxd8 19. Rd1 Rd6 20. Rxd6 Qxd6 21. Qd1 f6 22. Qxd6 Bxd6 1/2-1/2

[Event "GBR-ch 111th"]
[Site "Liverpool"]
[Date "2025.08.07"]
[Round "6.39"]
[White "Bharat Kumar, Balahari"]
[Black "Ledger, Dave J"]
[Result "0-1"]
[WhiteElo "2052"]
[BlackElo "2161"]
[PlyCount "134"]
[EventDate "2025.08.02"]
[EventType "swiss"]
[EventRounds "9"]
[EventCountry "GBR"]
[SourceTitle "BritBase"]
[Source "John Saunders"]
[SourceDate "2025.08.11"]
[SourceVersion "1"]
[SourceVersionDate "2025.08.11"]
[SourceQuality "1"]

1. d4 Nf6 2. c4 e6 3. Nf3 d5 4. e3 c5 5. b3 Nc6 6. Bb2 cxd4 7. exd4 Bd6 8. Nbd2 O-O 9. Bd3 b6 10. O-O Bb7 11. Qe2 Re8 12. Rac1 Bf8 13. a3 Rc8 14. Rfd1 Ne7 15. Ne5 Ng6 16. Nxg6 hxg6 17. Nf3 Nh5 18. g3 Nf6 19. Ne5 Ne4 20. f3 Nf6 21. c5 bxc5 22. Bb5 c4 23. Bxe8 Qxe8 24. bxc4 Ba6 25. Qe1 dxc4 26. Qa5 Qb5 27. Qxb5 Bxb5 28. Re1 Nd5 29. a4 Ba6 30. Rc2 c3 31. Bc1 Bc4 32. Nxc4 Rxc4 33. Be3 a5 34. Kf2 Nb4 35. Rec1 Nd5 36. Ke2 Ba3 37. Rb1 Bb2 38. Rbxb2 cxb2 39. Rxb2 Rxa4 40. Rb8+ Kh7 41. Bd2 Ra2 42. Kd3 a4 43. Ra8 f6 44. Ra6 Nc7 45. Ra5 Kg8 46. Bf4 Nd5 47. Bd6 Ra1 48. Kd2 g5 49. Ra7 Ra2+ 50. Kd3 Rxh2 51. Rxa4 Rf2 52. Ra8+ Kf7 53. Ra7+ Kg6 54. f4 g4 55. Kc4 Rf3 56. Kb5 Kf5 57. Rxg7 Rxg3 58. Rf7 Rc3 59. Rg7 Nxf4 60. Bb4 Rc2 61. Rg8 Ng6 62. Bd6 Rc3 63. Kb4 Rf3 64. Ra8 g3 65. Ra1 Nf4 66. Rg1 Ne2 67. Rg2 Rf2 0-1

[Event "GBR-ch 111th"]
[Site "Liverpool"]
[Date "2025.08.07"]
[Round "6.40"]
[White "Patel, Zain"]
[Black "Vaidyanathan, Adithya"]
[Result "1-0"]
[WhiteElo "2048"]
[BlackElo "2115"]
[PlyCount "83"]
[EventDate "2025.08.02"]
[EventType "swiss"]
[EventRounds "9"]
[EventCountry "GBR"]
[SourceTitle "BritBase"]
[Source "John Saunders"]
[SourceDate "2025.08.11"]
[SourceVersion "1"]
[SourceVersionDate "2025.08.11"]
[SourceQuality "1"]

1. d4 d5 2. Nf3 Bf5 3. e3 e6 4. Bd3 Bxd3 5. Qxd3 c6 6. O-O f5 7. c4 Nf6 8. cxd5 cxd5 9. Nc3 a6 10. Bd2 Bd6 11. Rac1 Nbd7 12. Ne2 O-O 13. Bc3 b5 14. a3 Nb6 15. Ba5 Qb8 16. Bxb6 Qxb6 17. Qc3 Ne4 18. Qc6 Qxc6 19. Rxc6 Rfc8 20. Rfc1 Rxc6 21. Rxc6 Ra7 22. Nc3 Nxc3 23. Rxd6 Ne4 24. Rd8+ Kf7 25. Ne5+ Kf6 26. f3 Nd2 27. Rf8+ Kg5 28. Nd3 Nc4 29. Kf2 Rb7 30. Rc8 a5 31. Rc6 Rb6 32. Rc7 Kf6 33. b3 Nxa3 34. Ne5 Kg5 35. Rxg7+ Kh6 36. Rg8 Rb7 37. g4 Nc2 38. g5+ Kh5 39. Kg3 Nb4 40. h4 f4+ 41. exf4 Nc2 42. Ng4 1-0

[Event "GBR-ch 111th"]
[Site "Liverpool"]
[Date "2025.08.07"]
[Round "6.41"]
[White "Hryshchenko, Kamila"]
[Black "Gunarathne, Senith"]
[Result "1-0"]
[WhiteElo "2097"]
[BlackElo "1918"]
[PlyCount "157"]
[EventDate "2025.08.02"]
[EventType "swiss"]
[EventRounds "9"]
[EventCountry "GBR"]
[SourceTitle "BritBase"]
[Source "John Saunders"]
[SourceDate "2025.08.11"]
[SourceVersion "1"]
[SourceVersionDate "2025.08.11"]
[SourceQuality "1"]

1. e4 c5 2. Nf3 d6 3. Bb5+ Bd7 4. Bxd7+ Qxd7 5. c4 Nc6 6. Nc3 Nf6 7. O-O g6 8. d3 Bg7 9. h3 O-O 10. Be3 Ne8 11. d4 cxd4 12. Nxd4 Rc8 13. Nxc6 Rxc6 14. Qb3 Bxc3 15. Qxc3 Nf6 16. Qd4 Qe6 17. b3 Qxe4 18. Qxa7 Ra6 19. Qd4 e5 20. Qxe4 Nxe4 21. a4 f5 22. f3 Nf6 23. Rfd1 Kf7 24. Rd2 Ke6 25. Rad1 f4 26. Bf2 g5 27. a5 Rc6 28. Rd5 h5 29. b4 Rd8 30. Rb5 Rd7 31. Rc1 g4 32. h4 Rdc7 33. c5 g3 34. Be1 Nd7 35. Rd1 dxc5 36. Kf1 cxb4 37. Rxb4 Nf6 38. Rb5 Rc5 39. Rb6+ R5c6 40. Rb5 Rc1 41. Rb6+ R1c6 42. Rb5 Rd6 43. Rxd6+ Kxd6 44. Bb4+ Kd7 45. Rxe5 Rc1+ 46. Re1 Rxe1+ 47. Bxe1 Ke6 48. Ke2 Nd5 49. Kd3 Ne3 50. Bxg3 Nxg2 51. Bf2 Kd5 52. Kc3 Ke5 53. Kc4 Kd6 54. Kb5 Kc7 55. Kc5 Ne3 56. Kd4 Ng2 57. Kd5 Ne3+ 58. Ke4 Ng2 59. Kf5 Kd6 60. Kg5 Ke6 61. Bb6 Ne1 62. Kxf4 Kf6 63. Bd8+ Ke6 64. Ke4 Ng2 65. f4 Kd7 66. Bg5 Ke6 67. f5+ Kd6 68. Bf4+ Ke7 69. Bg3 Kf6 70. Bf2 Kf7 71. Kf3 Nxh4+ 72. Bxh4 Kg7 73. Kf4 Kf7 74. Kg5 Ke7 75. Kg6+ Kf8 76. f6 Kg8 77. f7+ Kf8 78. Bf2 h4 79. Bc5# 1-0

[Event "GBR-ch 111th"]
[Site "Liverpool"]
[Date "2025.08.07"]
[Round "6.42"]
[White "Korsinskij, Marek"]
[Black "Jackson, Edward"]
[Result "0-1"]
[WhiteElo "1727"]
[BlackElo "2194"]
[PlyCount "74"]
[EventDate "2025.08.02"]
[EventType "swiss"]
[EventRounds "9"]
[EventCountry "GBR"]
[SourceTitle "BritBase"]
[Source "John Saunders"]
[SourceDate "2025.08.11"]
[SourceVersion "1"]
[SourceVersionDate "2025.08.11"]
[SourceQuality "1"]

1. d4 d5 2. Nf3 Nf6 3. e3 g6 4. Bd3 Bg7 5. b3 O-O 6. Bb2 a5 7. a3 b6 8. c4 Ba6 9. Nc3 c5 10. O-O cxd4 11. Nxd4 dxc4 12. bxc4 Nbd7 13. Nc6 Qe8 14. Nd5 Nxd5 15. Bxg7 Nxe3 16. fxe3 Kxg7 17. Be4 Nf6 18. Qd4 Rc8 19. Ne5 Qd8 20. Qb2 Kg8 21. Rad1 Qc7 22. Rxf6 exf6 23. Ng4 Qxc4 24. Qxf6 h5 25. Nh6+ Kh7 26. Nf5 Qc3 27. Qg5 Rce8 28. Ne7 Rxe7 29. Qxe7 Qxe3+ 30. Kh1 Kg8 31. h3 Bb5 32. Qh4 Re8 33. Bd5 Kg7 34. Bf3 Bd3 35. Qg3 Bf5 36. Qc7 Bxh3 37. Rd6 Bg4 0-1

[Event "GBR-ch 111th"]
[Site "Liverpool"]
[Date "2025.08.07"]
[Round "6.43"]
[White "Weersing, Abigail R"]
[Black "Strade, Arita"]
[Result "0-1"]
[WhiteElo "2056"]
[BlackElo "1971"]
[PlyCount "98"]
[EventDate "2025.08.02"]
[EventType "swiss"]
[EventRounds "9"]
[EventCountry "GBR"]
[SourceTitle "BritBase"]
[Source "John Saunders"]
[SourceDate "2025.08.11"]
[SourceVersion "1"]
[SourceVersionDate "2025.08.11"]
[SourceQuality "1"]

1. d4 Nf6 2. c4 g6 3. Nc3 Bg7 4. e4 d6 5. Nge2 O-O 6. Ng3 h5 7. Be2 h4 8. Nf1 Nh7 9. Be3 e5 10. d5 f5 11. exf5 gxf5 12. g3 h3 13. Qd2 Qf6 14. O-O-O Bd7 15. f4 Qg6 16. Rg1 Nf6 17. fxe5 dxe5 18. Bc5 Re8 19. Qc2 Na6 20. Ba3 Bh6+ 21. Kb1 e4 22. d6 c6 23. Ka1 Kh7 24. Nd2 Be3 25. Rge1 Bc5 26. Bxc5 Nxc5 27. Nb3 Nxb3+ 28. Qxb3 b6 29. Bf1 Kg7 30. Ne2 Ng4 31. Nf4 Qf7 32. Qc3+ Kh7 33. Nxh3 Qg7 34. Qc2 Ne5 35. Be2 Re6 36. Nf4 Rh6 37. Rh1 Re8 38. Bh5 Rf8 39. Rhg1 c5 40. g4 fxg4 41. Qxe4+ Bf5 42. Qd5 Nf3 43. Rg2 Nd4 44. Bxg4 Bxg4 45. Rdg1 Rxf4 46. d7 Qf8 47. a3 Rd6 48. Qe5 Nf3 49. Qe8 Rxd7 0-1

[Event "GBR-ch 111th"]
[Site "Liverpool"]
[Date "2025.08.07"]
[Round "6.44"]
[White "Turner, Lewis A"]
[Black "Lebedev, Lion"]
[Result "0-1"]
[WhiteElo "1965"]
[BlackElo "2048"]
[PlyCount "60"]
[EventDate "2025.08.02"]
[EventType "swiss"]
[EventRounds "9"]
[EventCountry "GBR"]
[SourceTitle "BritBase"]
[Source "John Saunders"]
[SourceDate "2025.08.11"]
[SourceVersion "1"]
[SourceVersionDate "2025.08.11"]
[SourceQuality "1"]

1. e4 e6 2. d4 d5 3. e5 c5 4. c3 Qb6 5. Nf3 Nc6 6. Be2 cxd4 7. cxd4 Nh6 8. Bxh6 Qxb2 9. Nbd2 gxh6 10. O-O Nxd4 11. Rb1 Nxe2+ 12. Qxe2 Qa3 13. Nd4 a6 14. Rfd1 Rg8 15. Nf1 Qe7 16. Ng3 Qg5 17. Nf3 Qg6 18. h4 Bc5 19. Kh2 b6 20. h5 Qg4 21. Rdc1 Bd7 22. Rxc5 bxc5 23. Qc2 Rc8 24. Qxh7 Bc6 25. Qxh6 d4 26. Qf6 Bxf3 27. gxf3 Qg5 28. Rb7 Qxf6 29. exf6 Rd8 30. Ne4 Rh8 0-1

[Event "GBR-ch 111th"]
[Site "Liverpool"]
[Date "2025.08.07"]
[Round "6.45"]
[White "Ashbrooke, Monika"]
[Black "Carpenter, Paul A"]
[Result "0-1"]
[WhiteElo "1591"]
[BlackElo "1922"]
[PlyCount "82"]
[EventDate "2025.08.02"]
[EventType "swiss"]
[EventRounds "9"]
[EventCountry "GBR"]
[SourceTitle "BritBase"]
[Source "John Saunders"]
[SourceDate "2025.08.11"]
[SourceVersion "1"]
[SourceVersionDate "2025.08.11"]
[SourceQuality "1"]

1. d4 Nf6 2. Nf3 c5 3. g3 cxd4 4. Nxd4 e5 5. Nf3 Nc6 6. c4 Bc5 7. e3 d6 8. Nbd2 h6 9. Nb3 Bb6 10. c5 Bxc5 11. Nxc5 Qa5+ 12. Bd2 Qxc5 13. a3 Qd5 14. Bg2 e4 15. Ng1 Ne5 16. Bf1 Bg4 17. Qa4+ Ke7 18. h3 Bf3 19. Rh2 Rhc8 20. Bc3 Nfd7 21. Qd4 Qb3 22. Be2 Bxe2 23. Kxe2 Rc4 24. Qd1 Qb5 25. Kd2 Rac8 26. f4 Nd3 27. Rb1 N7c5 28. Qc2 Nb3+ 29. Kd1 Qd5 30. Ke2 R4c6 31. Kf1 a5 32. Ne2 Qc4 33. Kg1 b5 34. Nd4 Nxd4 35. exd4 b4 36. axb4 axb4 37. b3 Qxc3 38. Qe2 Qxd4+ 39. Kf1 Rc1+ 40. Rxc1 Rxc1+ 41. Kg2 Rg1# 0-1

[Event "GBR-ch 111th"]
[Site "Liverpool"]
[Date "2025.08.07"]
[Round "6.46"]
[White "Badacsonyi, Stanley"]
[Black "Zhou, Yang-Fan"]
[Result "1/2-1/2"]
[WhiteElo "2309"]
[BlackElo "2406"]
[PlyCount "84"]
[EventDate "2025.08.02"]
[EventType "swiss"]
[EventRounds "9"]
[EventCountry "GBR"]
[SourceTitle "BritBase"]
[Source "John Saunders"]
[SourceDate "2025.08.11"]
[SourceVersion "1"]
[SourceVersionDate "2025.08.11"]
[SourceQuality "1"]

1. d4 Nf6 2. Bg5 d5 3. e3 c5 4. c3 Nc6 5. Nd2 cxd4 6. exd4 h6 7. Bh4 Bf5 8. Ngf3 e6 9. Be2 Bd6 10. O-O Qc7 11. Bxf6 gxf6 12. Re1 O-O-O 13. Rc1 Kb8 14. Nf1 Bf4 15. Ne3 h5 16. Bd3 Be4 17. g3 Bh6 18. Rc2 f5 19. Ng2 Rdg8 20. Bxe4 fxe4 21. Nfh4 f5 22. f3 Rxg3 23. hxg3 Qxg3 24. fxe4 dxe4 25. Rf2 Rg8 26. Qxh5 e3 27. Rff1 Bf4 28. Rxf4 Qxe1+ 29. Rf1 Qd2 30. Qd1 Qxb2 31. Qe1 Qxa2 32. Qxe3 Rc8 33. Re1 Qc4 34. Qxe6 Qxc3 35. Nxf5 Rd8 36. d5 Nb4 37. Qe5+ Qxe5 38. Rxe5 Rxd5 39. Rxd5 Nxd5 40. Nge3 Nc3 41. Kf1 b5 42. Ke1 a5 1/2-1/2

[Event "GBR-ch 111th"]
[Site "Liverpool"]
[Date "2025.08.08"]
[Round "7.1"]
[White "Adams, Michael"]
[Black "Fernandez, Daniel H"]
[Result "1/2-1/2"]
[WhiteElo "2663"]
[BlackElo "2500"]
[PlyCount "103"]
[EventDate "2025.08.02"]
[EventType "swiss"]
[EventRounds "9"]
[EventCountry "GBR"]
[SourceTitle "BritBase"]
[Source "John Saunders"]
[SourceDate "2025.08.11"]
[SourceVersion "1"]
[SourceVersionDate "2025.08.11"]
[SourceQuality "1"]

1. e4 e5 2. Nf3 Nf6 3. Nxe5 d6 4. Nf3 Nxe4 5. d4 d5 6. Bd3 Be7 7. O-O Nc6 8. Nbd2 Nxd2 9. Bxd2 Bg4 10. c3 O-O 11. Bf4 Bd6 12. Bg3 Qf6 13. Re1 Bxf3 14. Qxf3 Qxf3 15. gxf3 Rfe8 16. Re3 g6 17. Rae1 Kf8 18. Bb5 f5 19. Bxd6+ cxd6 20. Kf1 Rxe3 21. fxe3 Ne7 22. e4 dxe4 23. fxe4 fxe4 24. Rxe4 d5 25. Re3 Rd8 26. a4 b6 27. Be2 Rd6 28. Bg4 Kf7 29. Kf2 h6 30. Re1 h5 31. Bf3 Kf6 32. Ra1 Kg5 33. Rg1+ Kf6 34. Ke3 Nf5+ 35. Kd3 a6 36. b4 Ne7 37. Re1 Re6 38. Rg1 Kf5 39. Rf1 Kg5 40. Bg2 Kg4 41. a5 bxa5 42. bxa5 h4 43. Rg1 Kh5 44. h3 g5 45. Bf3+ Kh6 46. Rb1 Rf6 47. Rb6 Kg7 48. Bg4 Nc6 49. Rb7+ Rf7 50. Rb6 Rf6 51. Rb7+ Rf7 52. Rb6 1/2-1/2

[Event "GBR-ch 111th"]
[Site "Liverpool"]
[Date "2025.08.08"]
[Round "7.2"]
[White "Han, Yichen"]
[Black "Vitiugov, Nikita"]
[Result "1/2-1/2"]
[WhiteElo "2430"]
[BlackElo "2676"]
[PlyCount "133"]
[EventDate "2025.08.02"]
[EventType "swiss"]
[EventRounds "9"]
[EventCountry "GBR"]
[SourceTitle "BritBase"]
[Source "John Saunders"]
[SourceDate "2025.08.11"]
[SourceVersion "1"]
[SourceVersionDate "2025.08.11"]
[SourceQuality "1"]

1. d4 Nf6 2. c4 e6 3. Nc3 Bb4 4. Qc2 d6 5. e3 O-O 6. Bd3 e5 7. Nge2 c6 8. dxe5 dxe5 9. a3 Be7 10. O-O a5 11. Rd1 Qc7 12. Ng3 Na6 13. Na4 Nc5 14. Nxc5 Bxc5 15. b3 h5 16. h3 h4 17. Nf5 Re8 18. Be4 Bxf5 19. Bxf5 g6 20. Be4 Rad8 21. Bb2 Rxd1+ 22. Rxd1 Qe7 23. a4 Kg7 24. Qb1 Kh6 25. Qc2 Nh7 26. Qd2 Bb4 27. Qe2 f5 28. Bc2 Nf6 29. Qd3 Kg7 30. Bb1 Kf7 31. Qe2 Qe6 32. Qd3 Qe7 33. Qe2 Kf8 34. Ba1 Kg7 35. Bc2 Kg8 36. Bb1 Kf7 37. Bc2 Qe6 38. Qd3 Qe7 39. Qe2 Kg7 40. Bb1 Qc7 41. Qd3 Re7 42. Qe2 Qc8 43. Bc2 Qe6 44. Qd3 Rd7 45. Qe2 Rd6 46. Rxd6 Qxd6 47. Qd3 Qe7 48. Qd1 Kf7 49. Kf1 Ke6 50. Bb2 Qd6 51. Qxd6+ Bxd6 52. Ke2 Bb4 53. g3 hxg3 54. fxg3 g5 55. e4 f4 56. gxf4 exf4 57. Kf3 Nd7 58. h4 gxh4 59. Kxf4 Be1 60. Bd1 Bg3+ 61. Ke3 Kd6 62. Bg4 Nc5 63. Ba3 Be5 64. Kf3 Bc3 65. Bxc5+ Kxc5 66. Bc8 Be5 67. Kg4 1/2-1/2

[Event "GBR-ch 111th"]
[Site "Liverpool"]
[Date "2025.08.08"]
[Round "7.3"]
[White "Maroroa Jones, Gawain"]
[Black "Czopor, Maciej"]
[Result "1/2-1/2"]
[WhiteElo "2651"]
[BlackElo "2434"]
[PlyCount "74"]
[EventDate "2025.08.02"]
[EventType "swiss"]
[EventRounds "9"]
[EventCountry "GBR"]
[SourceTitle "BritBase"]
[Source "John Saunders"]
[SourceDate "2025.08.11"]
[SourceVersion "1"]
[SourceVersionDate "2025.08.11"]
[SourceQuality "1"]

1. e4 c5 2. Nf3 d6 3. d4 cxd4 4. Qxd4 Nc6 5. Qe3 g6 6. Be2 Bg7 7. O-O Nf6 8. h3 O-O 9. Rd1 Nd7 10. Nc3 b6 11. a3 Bb7 12. Qg5 Rc8 13. Qh4 Nde5 14. Nxe5 Nxe5 15. Bg5 f6 16. Bc1 Rxc3 17. bxc3 g5 18. Qg3 Bxe4 19. h4 gxh4 20. Qxh4 Bxc2 21. Rf1 Qa8 22. a4 Qe4 23. Qxe4 Bxe4 24. f4 Nd3 25. Be3 f5 26. a5 Rc8 27. axb6 axb6 28. Ra7 Kf7 29. c4 Bf6 30. Rd1 Nb2 31. Rxd6 Nxc4 32. Bxc4+ Rxc4 33. Rxb6 Rc2 34. Bf2 Rc1+ 35. Kh2 Rc2 36. Kg1 Rc1+ 37. Kh2 Rc2 1/2-1/2

[Event "GBR-ch 111th"]
[Site "Liverpool"]
[Date "2025.08.08"]
[Round "7.4"]
[White "Ghasi, Ameet K"]
[Black "Banerjee, Supratit"]
[Result "1/2-1/2"]
[WhiteElo "2501"]
[BlackElo "2242"]
[PlyCount "106"]
[EventDate "2025.08.02"]
[EventType "swiss"]
[EventRounds "9"]
[EventCountry "GBR"]
[SourceTitle "BritBase"]
[Source "John Saunders"]
[SourceDate "2025.08.11"]
[SourceVersion "1"]
[SourceVersionDate "2025.08.11"]
[SourceQuality "1"]

1. c4 e6 2. Nf3 d5 3. e3 Nf6 4. Nc3 Be7 5. b3 O-O 6. Bb2 c5 7. cxd5 Nxd5 8. Qc2 Nc6 9. a3 b6 10. h4 a6 11. g4 f5 12. gxf5 Rxf5 13. Rg1 Bf6 14. Be2 Qf8 15. Ne4 Bxb2 16. Qxb2 Ra7 17. Rg3 Nf6 18. Nxf6+ Qxf6 19. Qxf6 Rxf6 20. Rc1 Bd7 21. Rc4 Be8 22. Ng5 a5 23. Ne4 Rf8 24. Nd6 Rd7 25. Nxe8 Rxe8 26. Re4 Rd6 27. Bc4 g6 28. h5 Kg7 29. hxg6 hxg6 30. Reg4 e5 31. Bb5 Red8 32. Rg5 Ne7 33. d3 Kf6 34. R5g4 Rh8 35. Ke2 Rh1 36. Rf3+ Kg7 37. Rg5 Nd5 38. Kd2 e4 39. Rfg3 Ra1 40. d4 Ra2+ 41. Ke1 Ra1+ 42. Kd2 Rxa3 43. Be8 Ne7 44. Kc3 Ra2 45. dxc5 bxc5 46. Kc4 Rc2+ 47. Kb5 Rxf2 48. Kxc5 Re6 49. Bb5 Nf5 50. Bd7 Re5+ 51. Kb6 Nxg3 52. Rxe5 Rb2 53. Ba4 Kf6 1/2-1/2